Central Library OPAC University of Rajshahi

بناء النص التراثي : ;; Bināʼ al-naṣṣ al-turāthī : (Record no. 78675)

MARC details
000 -LEADER
fixed length control field 01106cam a2200241 a 4500
001 - CONTROL NUMBER
control field 78675
003 - CONTROL NUMBER IDENTIFIER
rucl marc code BD-RjUL
005 - DATE AND TIME OF LATEST TRANSACTION
control field 20211209083147.0
008 - FIXED-LENGTH DATA ELEMENTS--GENERAL INFORMATION
fixed length control field 211101s1985 ua b f000 0 araod
035 ## - SYSTEM CONTROL NUMBER
System control number (BD-RjUL)78901
040 ## - CATALOGING SOURCE
Original cataloging agency PAU
Language of cataloging eng
Transcribing agency PAU
Modifying agency UUM
-- DLC
-- CUY
-- UkOxU
041 ## - LANGUAGE CODE
Language code of text/sound track or separate title ara
082 ## - DEWEY DECIMAL CLASSIFICATION NUMBER
Edition number 23
Classification number 892.709
Author mark and year MAB 1985
100 1# - MAIN ENTRY--PERSONAL NAME
Personal name مالطي -دوجلاس، فدوى. ;; Malti-Douglas, Fedwa.
9 (RLIN) 249496
245 10 - TITLE STATEMENT
Title بناء النص التراثي : ;; Bināʼ al-naṣṣ al-turāthī :
Remainder of title دراسات في الأدب والتراجم ;; dirāsāt fī al-adab wa-al-tarajim /
Statement of responsibility, etc. فدوى مالطي -دوجلاس. ;; Fadwá Mālṭī-Dūjlās.
260 ## - PUBLICATION, DISTRIBUTION, ETC. (IMPRINT)
Place of publication, distribution, etc. [Cairo] :القاهرة] :
Name of publisher, distributor, etc. الهيئة المصرية العامة للكتاب، ;; al-Hayʼah al-Miṣrīyah al-ʻĀmmah lil-Kitāb,
Date of publication, distribution, etc. 1985.
300 ## - PHYSICAL DESCRIPTION
Pagination 222 p. ;
Size 24 cm.
490 1# - SERIES STATEMENT
Series statement دراسات أدبية ;; Dirāsāt adabīyah
504 ## - BIBLIOGRAPHY, ETC. NOTE
Bibliography, etc Bibliography: p. 207-222.
650 #0 - SUBJECT ADDED ENTRY--TOPICAL TERM
Topical term or geographic name as entry element Arabic literature
General subdivision History and criticism.
9 (RLIN) 249497
830 #0 - SERIES ADDED ENTRY--UNIFORM TITLE
Uniform title دراسات أدبية.;; Dirāsāt adabīyah
942 ## - ADDED ENTRY ELEMENTS (KOHA)
Source of classification or shelving scheme Dewey Decimal Classification
Koha item type Books
Holdings
Lost status Source of classification or shelving scheme Damaged status Not for loan Collection code Permanent Location Current Location Shelving location Date acquired Source of acquisition Cost, normal purchase price Total Checkouts Full call number Date last seen Copy number Koha item type
  Dewey Decimal Classification   Not For Loan Non-fiction Central Library, University of Rajshahi Central Library, University of Rajshahi Reading Room 10/07/2008 Maktab al Arabia, Dhaka 75.00   A 892.709 MAB 1985 01/11/2021 C-1 Books
  Dewey Decimal Classification     Non-fiction Central Library, University of Rajshahi Central Library, University of Rajshahi   17/11/2009 Ahsania mission, Dhaka 435.00   A 892.709 MAB 1985 07/11/2021 C-2 Books